[Event "AUTO-MASTER-2581"]
[Site "http://www.queenalice.com/game.php?id=1472355"]
[Date "2017.4.7"]
[Round "1"]
[White "Herivelto"]
[Black "reycas"]
[Result "1-0"]
[WhiteElo "2290"]
[BlackElo "2212"]

1. e4 c5 2. Nf3 Nc6 3. Nc3 d6 4. Bc4 Bg4 5. Bxf7+ Kd7 6. Bc4 Ne5 7. Nxe5+ dxe5
8. Qxg4+ Kc6 9. Nb5 Qd7 10. Bd5+ Kxb5 11. Qxd7+ Ka5 12. Qxb7 e6 13. a4 1-0

[Event "AUTO-MASTER-2581"]
[Site "http://www.queenalice.com/game.php?id=1472356"]
[Date "2017.4.7"]
[Round "1"]
[White "reycas"]
[Black "Herivelto"]
[Result "0-1"]
[WhiteElo "2235"]
[BlackElo "2326"]

1. d4 Nf6 2. c4 g6 3. Nc3 Bg7 4. e4 d6 5. f3 O-O 6. Be3 Nc6 7. Qd2 Bd7 8. g4 e5
9. d5 Nd4 10. O-O-O a5 11. h4 a4 12. h5 c5 13. Bh6 Bxh6 14. Qxh6 a3 15. b3 Qe7
16. Be2 Rab8 17. Nh3 Nxe2+ 18. Nxe2 b5 19. hxg6 fxg6 20. Ng5 bxc4 21. bxc4 Ba4
22. Rd2 Qb7 23. Nc3 Qb4 24. Rc2 Bxc2 25. Kxc2 Qxc4 26. Ne6 Rb2+ 27. Kd1 Qd3+ 28.
Ke1 Qxc3+ 29. Kf1 Qxf3+ 0-1

[Event "AUTO-MASTER-2582"]
[Site "http://www.queenalice.com/game.php?id=1472792"]
[Date "2017.4.10"]
[Round "1"]
[White "reycas"]
[Black "areis"]
[Result "1-0"]
[WhiteElo "2220"]
[BlackElo "2122"]

1. e4 c5 2. Nf3 Nc6 3. d4 cxd4 4. Nxd4 g6 5. Nc3 Bg7 6. Be3 Nf6 7. f3 d6 8. Qd2
O-O 9. g4 Nxd4 10. Bxd4 Bd7 11. h4 h6 12. g5 hxg5 13. hxg5 Nh5 14. O-O-O Be6 15.
Bxg7 Kxg7 16. Bh3 Qc8 17. Qd4+ Kh7 18. Bxe6 Qxe6 19. Rh4 Qe5 20. Qe3 Rac8 21. f4
Qc5 22. Qh3 Kg7 23. f5 b5 24. Qd3 b4 25. Nd5 Rfe8 26. Rxh5 gxh5 27. f6+ exf6 28.
gxf6+ Kh8 29. Rh1 Qf2 30. Rxh5+ Kg8 31. Ne7+ Rxe7 32. fxe7 Qe1+ 33. Qd1 Qxd1+
34. Kxd1 Re8 35. Rb5 Rxe7 36. Rxb4 f6 37. Kd2 Kf7 38. Kd3 Ke6 39. Rb5 Rc7 40. b4
Rc6 41. c4 Ra6 42. Ra5 Rxa5 43. bxa5 Ke5 44. a6 Ke6 45. Kd4 Ke7 46. Kd5 Kd7 47.
a3 1-0

[Event "AUTO-MASTER-2582"]
[Site "http://www.queenalice.com/game.php?id=1472793"]
[Date "2017.4.10"]
[Round "1"]
[White "areis"]
[Black "reycas"]
[Result "0-1"]
[WhiteElo "2139"]
[BlackElo "2202"]

1. d4 Nf6 2. Nf3 g6 3. Bf4 d6 4. h3 Bg7 5. c4 c5 6. dxc5 Qa5+ 7. Nc3 Ne4 8. Qa4+
Qxa4 9. Nxa4 Bd7 10. Nc3 Nxc3 11. bxc3 Bxc3+ 12. Nd2 Bxa1 13. cxd6 Nc6 14. dxe7
Kxe7 15. e3 Be5 16. Bh6 Bc3 17. Bd3 Ne5 18. Be2 f6 19. Bf4 g5 20. Bg3 Bc6 21. f3
Rad8 0-1

[Event "AUTO-MASTER-2582"]
[Site "http://www.queenalice.com/game.php?id=1472794"]
[Date "2017.4.10"]
[Round "1"]
[White "reycas"]
[Black "kokokinel"]
[Result "1-0"]
[WhiteElo "2192"]
[BlackElo "2101"]

1. e4 e5 2. f4 exf4 3. Nf3 Ne7 4. d4 d5 5. Nc3 dxe4 6. Nxe4 Nd5 7. c4 Ne3 8.
Bxe3 fxe3 9. Qd3 Bb4+ 10. Nc3 Qe7 11. Be2 O-O 12. O-O Bxc3 13. bxc3 c5 14. Ne5
f6 15. Ng4 f5 16. Nxe3 g6 17. Nd5 Qd6 18. Bf3 Nc6 19. Rae1 Bd7 20. Re2 Rae8 21.
Rfe1 Rxe2 22. Rxe2 b6 23. dxc5 Qxc5+ 24. Kf1 h6 25. Ne7+ Nxe7 26. Qxd7 Nc8 27.
Bd5+ Kh8 28. Re6 1-0

[Event "AUTO-MASTER-2582"]
[Site "http://www.queenalice.com/game.php?id=1472795"]
[Date "2017.4.10"]
[Round "1"]
[White "kokokinel"]
[Black "reycas"]
[Result "0-1"]
[WhiteElo "2098"]
[BlackElo "2224"]

1. e4 Nf6 2. e5 Nd5 3. d4 d6 4. c4 Nb6 5. Nf3 g6 6. exd6 cxd6 7. Be2 Bg7 8. O-O
O-O 9. Nc3 Nc6 10. Be3 e5 11. dxe5 dxe5 12. Qxd8 Rxd8 13. Rfd1 Be6 14. c5 Nc4
15. Bxc4 Bxc4 16. a3 f5 17. Rac1 f4 18. Bd2 Rd3 19. Be1 Rad8 20. Rxd3 Bxd3 21.
Nd2 Nd4 22. f3 Ne2+ 23. Nxe2 Bxe2 24. Ne4 Bf8 25. Bc3 Bg7 26. b4 h6 27. Kf2 Bb5
28. Nd6 Bc6 29. b5 Bd5 30. Rd1 Bb3 31. Rd2 Rd7 32. Ne4 Rxd2+ 33. Bxd2 Bd5 34.
Ba5 Kf8 35. Nc3 Be6 36. c6 bxc6 37. bxc6 Ke7 38. Nb5 a6 39. Na7 e4 40. Bb6 e3+
41. Kg1 Bc3 42. c7 e2 43. Bf2 Kd6 44. c8=Q Bxc8 45. Nxc8+ Kc7 46. Ne7 Bd4 47.
Nd5+ Kd6 48. Ne3 Bxe3 0-1

[Event "AUTO-MASTER-2582"]
[Site "http://www.queenalice.com/game.php?id=1472796"]
[Date "2017.4.10"]
[Round "1"]
[White "reycas"]
[Black "Rachman"]
[Result "1/2-1/2"]
[WhiteElo "2245"]
[BlackElo "2283"]

1. c4 e6 2. d4 f5 3. Nc3 Nf6 4. Bg5 Bb4 5. Qc2 O-O 6. e3 d6 7. Bd3 Bxc3+ 8. Qxc3
Nbd7 9. e4 fxe4 10. Bxe4 Qe8 11. Bf3 Qg6 12. Be3 e5 13. g3 c6 14. Ne2 Ng4 15.
Bg2 Nxe3 16. fxe3 exd4 17. exd4 Nf6 18. O-O-O Bg4 19. Rd2 Ne4 20. Bxe4 Qxe4 21.
Re1 Rf2 22. Qc2 Re8 23. Qxe4 Rxe4 24. Kd1 Rxh2 25. b4 Rhxe2 26. Rexe2 Bxe2+ 27.
Rxe2 Rxd4+ 28. Kc2 Rxc4+ 29. Kb3 d5 30. Re7 b5 31. Rxa7 Rg4 32. Rc7 Rxg3+ 33.
Kb2 Rg6 34. a4 bxa4 35. Ka3 h5 36. Kxa4 h4 37. Re7 h3 38. Re3 Rh6 39. Re1 h2 40.
Rh1 g5 41. b5 cxb5+ 42. Kxb5 g4 43. Kc5 g3 44. Kxd5 g2 45. Rb1 g1=Q 46. Rxg1+
hxg1=Q 47. Ke5 Qg5+ 48. Ke4 Rh4+ 49. Kf3 Qf4+ 50. Kg2 Rh2+ 51. Kg1 Qg3+ 52. Kf1
Qg2+ 53. Ke1 Qf2+ 54. Kd1 Qe2+ 55. Kc1 Qd2+ 56. Kb1 Qa2+ 57. Kc1 Qb2+ 58. Kd1
Qc2+ 59. Ke1 Qd2+ 60. Kf1 Qe1+ 61. Kxe1 Re2+ 62. Kxe2 Kf7 63. Kf3 Kf8 64. Kf4
Kf7 65. Kg5 Kf8 66. Kf6 Kg8 67. Kg6 Kf8 68. Kf6 Kg8 69. Kg6 Kf8 70. Kf6 1/2-1/2

[Event "AUTO-MASTER-2582"]
[Site "http://www.queenalice.com/game.php?id=1472797"]
[Date "2017.4.10"]
[Round "1"]
[White "Rachman"]
[Black "reycas"]
[Result "0-1"]
[WhiteElo "2265"]
[BlackElo "2232"]

1. c4 Nf6 2. g3 c6 3. Bg2 d5 4. Nf3 e6 5. cxd5 exd5 6. O-O Bd6 7. d3 O-O 8. Nbd2
Nbd7 9. b3 Ng4 10. Bb2 Nde5 11. h3 Nxf3+ 12. Nxf3 Nf6 13. Qd2 Re8 14. Rfe1 Bf5
15. Qg5 Bg6 16. Nh4 h6 17. Qd2 Bh7 18. Rad1 Be5 19. Nf3 Bd6 20. Qc3 Qc7 21. a3
Re6 22. Nd4 Re7 23. Nf3 Rae8 24. Rd2 c5 25. Qc1 b5 26. e3 Qb6 27. Qc3 d4 28. Qc1
dxe3 0-1

[Event "Challenge"]
[Site "http://www.queenalice.com/game.php?id=1472819"]
[Date "2017.4.10"]
[Round "-"]
[White "reycas"]
[Black "prrrudenz"]
[Result "1-0"]
[WhiteElo "2185"]
[BlackElo "2025"]

1. e4 e6 2. d4 d5 3. Nd2 dxe4 4. Nxe4 Nf6 5. Bd3 Be7 6. Nf3 b6 7. O-O Bb7 8. Qe2
Nbd7 9. c4 O-O 10. h3 Nxe4 11. Bxe4 Bxe4 12. Qxe4 Nf6 13. Qd3 Qd6 14. Be3 Rad8
15. Rfd1 c5 16. Qc2 Qc7 17. g4 Qb7 18. Ne5 Bd6 19. Bg5 cxd4 20. f4 Be7 21. Qg2
Qxg2+ 22. Kxg2 Bc5 23. Rd3 Rd6 24. Bxf6 gxf6 25. Nf3 Re8 26. Re1 Rd7 27. g5 fxg5
28. Nxg5 h6 29. Ne4 Be7 30. f5 e5 31. f6 Bf8 32. Kg3 Kh7 33. Kh4 Bd6 34. Rg1 Rg8
35. Rxg8 Kxg8 36. Rg3+ Kh8 37. Kh5 Bf8 38. Rd3 Rc7 39. b3 Rd7 40. Kg4 Rd8 41.
Kf5 Re8 42. Ng3 Ba3 43. Rd1 Kh7 44. Ne2 Bd6 45. Ng3 Rg8 46. Ne4 Bc7 47. b4 Rg2
48. a3 Rh2 49. Rd3 Rh1 50. Rf3 a5 51. bxa5 bxa5 52. c5 Rc1 53. h4 a4 54. Kg4 Rb1
55. Nd6 Kg8 56. Kf5 Rb3 57. Rf2 Rg3 58. Kxe5 Kf8 59. Kxd4 Rxa3 60. Re2 Kg8 61.
Kd5 Rb3 62. Re7 1-0

[Event "AUTO-MASTER-2497"]
[Site "http://www.queenalice.com/game.php?id=1474237"]
[Date "2017.4.19"]
[Round "3"]
[White "honoriolemos"]
[Black "reycas"]
[Result "1-0"]
[WhiteElo "2249"]
[BlackElo "2247"]

1. d4 Nf6 2. c4 c5 3. d5 b5 4. cxb5 a6 5. bxa6 Bxa6 6. Nc3 d6 7. Nf3 g6 8. g3
Bg7 9. Bg2 O-O 10. O-O Nbd7 11. Qc2 Qb6 12. h3 Rfb8 13. Re1 h6 14. e4 c4 15. Rb1
Nc5 16. e5 Nd3 17. exf6 Nxe1 18. Nxe1 exf6 19. Be3 Qb4 20. Bd4 f5 21. Qd2 Bxd4
22. Qxd4 Qb6 23. Qd2 Kh7 24. Nc2 Re8 25. Nd4 Rac8 26. g4 Re5 27. gxf5 gxf5 28.
Qf4 Rce8 29. Nxf5 Kg6 30. Qg4+ Kf6 31. Qg7+ Kxf5 32. Qxf7+ Kg5 33. Qg7+ Kf5 34.
Bf3 Re1+ 35. Rxe1 Rxe1+ 36. Kg2 Qd8 37. Bg4+ Kf4 38. Qf7+ Ke5 39. Qe6+ Kd4 40.
Qxe1 Kc5 41. Qe3+ Kb4 42. a3+ Ka5 43. Qxh6 Qb8 44. Qd2 Kb6 45. Na4+ Ka7 46. Qd4+
Ka8 47. Qb6 Bb7 48. Qa5+ Qa7 49. Qxa7+ Kxa7 50. Nc3 Ka6 51. h4 Kb6 52. h5 Kc5
53. h6 Kd4 54. h7 Kd3 55. h8=Q Kc2 56. Bf5+ Kxb2 57. Nb5+ Ka2 58. Be6 Kb3 59.
Qc3+ Ka4 60. Qxc4+ Ka5 61. Qb4+ Kb6 62. Nxd6+ Ka7 63. Qxb7# 1-0

[Event "AUTO-MASTER-2497"]
[Site "http://www.queenalice.com/game.php?id=1474238"]
[Date "2017.4.19"]
[Round "3"]
[White "reycas"]
[Black "honoriolemos"]
[Result "1-0"]
[WhiteElo "2235"]
[BlackElo "2250"]

1. c4 e5 2. g3 Nf6 3. Bg2 Nc6 4. Nc3 Bc5 5. e3 d6 6. Nge2 Be6 7. b3 O-O 8. d4
exd4 9. exd4 Bb4 10. O-O Bg4 11. Qd3 Re8 12. h3 Bh5 13. Nf4 Bg6 14. Nxg6 hxg6
15. Bb2 Rb8 16. g4 a6 17. Nd5 Nxd5 18. Bxd5 Qg5 19. f4 Qh6 20. a3 Ba5 21. b4 Bb6
22. Kg2 Ne7 23. Be4 c5 24. bxc5 dxc5 25. d5 Rbd8 26. g5 Qh4 27. Bc3 Nf5 28. Be1
Qh7 29. Rb1 Rd6 30. Bxf5 gxf5 31. Bc3 Qg6 32. Be5 Rdd8 33. d6 Bc7 34. Rfd1 Bxd6
35. Bxd6 Re4 36. Rb6 Rd4 37. Qxd4 cxd4 38. Rxd4 Qh5 39. Rd2 Rd7 40. c5 f6 41.
gxf6 gxf6 42. Kh2 Qf3 43. Rg2+ Kh8 44. Rbb2 Rh7 45. Rg3 Qc6 46. Rbg2 Qe8 47. Rg6
Qf7 48. Rxf6 Qxf6 49. Be5 Qxe5 50. fxe5 Re7 51. Re2 Kg7 52. Kg3 Kf7 53. Kf4 Ke6
54. Rd2 Rc7 55. Rd6+ Ke7 56. Kxf5 Rxc5 57. Rb6 Rc7 58. h4 Kf7 59. h5 Kg8 60. h6
Kh7 61. Kg5 Kg8 62. Kg6 Re7 63. e6 Kh8 64. a4 Rh7 65. a5 Re7 66. Kf6 Rh7 67. e7
1-0

[Event "AUTO-ELITE-1826"]
[Site "http://www.queenalice.com/game.php?id=1475843"]
[Date "2017.4.29"]
[Round "1"]
[White "capaputi"]
[Black "reycas"]
[Result "1-0"]
[WhiteElo "2189"]
[BlackElo "2207"]

1. e4 c5 2. Nf3 d6 3. d4 cxd4 4. Nxd4 Nc6 5. Nc3 Qb6 6. Be3 Qxb2 7. Ndb5 Nb4 8.
Bd3 Nxd3+ 9. cxd3 Qb4 10. O-O Qa5 11. Nd5 Kd8 12. a4 Bd7 13. Bd2 Qa6 14. Ndc7
Bxb5 15. Nxa6 Bxa6 16. Qf3 Nf6 17. Rfc1 e6 18. d4 Be7 19. e5 dxe5 20. dxe5 Nd5
21. Qg4 Rg8 22. Qh5 Ke8 23. Qxh7 Kf8 24. a5 Rd8 25. Ra2 Bb5 26. Rac2 Bd7 27. Rc4
b5 28. axb6 axb6 29. Rg4 g5 30. h4 f5 31. exf6 Bxf6 32. Bxg5 Rg7 33. Bh6 Ke7 34.
Bxg7 Bxg7 35. Rxg7+ Kd6 36. h5 b5 37. h6 b4 38. Qd3 Rh8 39. h7 Be8 40. Rg8 Rxh7
41. Qxh7 Bb5 42. Rd8+ Ke5 43. Qg7+ Kf5 44. Re1 Nf4 45. Rf8# 1-0

[Event "AUTO-ELITE-1826"]
[Site "http://www.queenalice.com/game.php?id=1475844"]
[Date "2017.4.29"]
[Round "1"]
[White "reycas"]
[Black "capaputi"]
[Result "1-0"]
[WhiteElo "2201"]
[BlackElo "2199"]

1. Nf3 d5 2. g3 Nc6 3. Bg2 Nf6 4. c4 e6 5. d4 Bb4+ 6. Bd2 Bxd2+ 7. Nbxd2 O-O 8.
Qc2 a6 9. a3 Rb8 10. h4 Re8 11. h5 h6 12. e3 e5 13. dxe5 Nxe5 14. O-O-O Bg4 15.
Qc3 Nxf3 16. Bxf3 c6 17. Rde1 b5 18. c5 b4 19. axb4 Bxf3 20. Nxf3 Ne4 21. Qc2
Rxb4 22. Kb1 Qa5 23. b3 Reb8 24. Nd4 Ra4 25. Qb2 Nd2+ 26. Kc1 Ra1+ 27. Qxa1
Qxa1+ 28. Kxd2 Qb2+ 29. Kd3 Qxf2 30. g4 Qg2 31. Rhg1 Qe4+ 32. Kc3 Qe7 33. b4 a5
34. Nxc6 Qf6+ 35. Nd4 Rxb4 36. c6 Rc4+ 37. Kd2 a4 38. Rc1 Qd6 39. Rxc4 dxc4 40.
Kc3 Qc5 41. Rb1 a3 42. Rb8+ Kh7 43. Ra8 Qe7 44. Kxc4 Qxe3 45. Kd5 Qe7 46. Nb5 a2
47. c7 Qe6+ 48. Kc5 Qe3+ 49. Kd6 Qd2+ 50. Ke7 Qe2+ 51. Kd8 Qd1+ 52. Ke7 a1=Q 53.
Rxa1 Qxa1 54. c8=Q Qe5+ 55. Kxf7 Qd5+ 56. Qe6 Qb7+ 57. Kf8 Qb8+ 58. Qe8 Qf4+ 59.
Ke7 Qxg4 60. Nd6 Qg5+ 61. Kd7 Qg4+ 62. Kc7 Qg3 63. Qe4+ Kh8 64. Qg6 Qe5 65. Kd7
Qd4 66. Ke7 Qe5+ 67. Kf8 1-0

[Event "AUTO-ELITE-1826"]
[Site "http://www.queenalice.com/game.php?id=1475849"]
[Date "2017.4.29"]
[Round "1"]
[White "FabioDavid"]
[Black "reycas"]
[Result "1-0"]
[WhiteElo "2498"]
[BlackElo "2226"]

1. b3 d5 2. Bb2 d4 3. Nf3 c5 4. e3 Nc6 5. Bb5 Bg4 6. Na3 e5 7. h3 Bxf3 8. Qxf3
Qd7 9. Nc4 f6 10. O-O Nge7 11. a4 Qd5 12. Qe2 O-O-O 13. a5 Kb8 14. a6 b6 15. Na3
Nb4 16. e4 Qf7 17. c3 Qxb3 18. cxb4 Qxb2 19. Qd3 Qxb4 20. Rab1 c4 21. Nxc4 Qc5
22. Rfc1 Ng6 23. Na5 Nf4 24. Qb3 Qd6 25. Qc4 bxa5 26. Bd7+ 1-0

[Event "AUTO-ELITE-1826"]
[Site "http://www.queenalice.com/game.php?id=1475850"]
[Date "2017.4.29"]
[Round "1"]
[White "reycas"]
[Black "FabioDavid"]
[Result "0-1"]
[WhiteElo "2222"]
[BlackElo "2502"]

1. c4 e5 2. Nc3 Bb4 3. Nd5 Be7 4. e4 Nf6 5. Nxe7 Qxe7 6. d3 O-O 7. f4 Nc6 8. Nf3
exf4 9. Bxf4 Nxe4 10. Be2 Qb4+ 11. Bd2 Nxd2 12. Qxd2 Qb6 13. O-O-O d5 14. Rhg1
dxc4 15. dxc4 Bf5 16. Qc3 Nb4 17. Qb3 Bc2 18. Qa3 Bxd1 19. Rxd1 Rfe8 20. Bf1
Rad8 21. Nd2 a5 22. Qb3 Rxd2 23. Rxd2 Re1+ 24. Rd1 Qh6+ 25. Kb1 Qd2 26. Be2 Qxe2
0-1

[Event "Challenge"]
[Site "http://www.queenalice.com/game.php?id=1478289"]
[Date "2017.5.15"]
[Round "-"]
[White "jpribeiro"]
[Black "reycas"]
[Result "0-1"]
[WhiteElo "2181"]
[BlackElo "2213"]

1. e4 c5 2. Nf3 Nc6 3. Bc4 e6 4. O-O a6 5. a4 d5 6. exd5 exd5 7. Re1+ Be6 8. Bf1
Nf6 9. Ng5 Qd7 10. g3 h6 11. Nxe6 fxe6 12. Bh3 Nd8 13. Nc3 Be7 14. d3 O-O 15.
Qe2 Kf7 16. Bf4 Bd6 17. Bxd6 Qxd6 18. Qe5 Qc6 19. Re2 Re8 20. Qf4 g5 21. Qd2 g4
22. Bg2 Kg7 23. Rae1 b5 24. axb5 axb5 25. Nd1 Ra1 26. Qf4 e5 27. Rxe5 Rxe5 28.
Qxe5 Nf7 29. Qe7 c4 30. Re6 Rxd1+ 31. Bf1 Qxe6 32. Qxe6 Rd2 33. dxc4 bxc4 34. b4
Rxc2 35. b5 Rb2 36. Qc6 Ne5 37. Qc7+ Ned7 38. Qc6 Rb1 0-1

[Event "Challenge"]
[Site "http://www.queenalice.com/game.php?id=1478602"]
[Date "2017.5.18"]
[Round "-"]
[White "bobjgirl"]
[Black "reycas"]
[Result "1-0"]
[WhiteElo "2342"]
[BlackElo "2218"]

1. Nf3 Nf6 2. c4 g6 3. Nc3 c6 4. e4 d5 5. e5 Ng8 6. d4 Bg4 7. h3 Bxf3 8. Qxf3 e6
9. cxd5 cxd5 10. Bb5+ Nc6 11. O-O a6 12. Bxc6+ bxc6 13. Na4 Qa5 14. b3 c5 15.
dxc5 Bxc5 16. Nxc5 Qxc5 17. Be3 Qc3 18. Rfd1 Ne7 19. Qf6 Rg8 20. Rac1 Qb2 21.
Rc7 Nc8 22. Qxf7+ 1-0

[Event "Challenge"]
[Site "http://www.queenalice.com/game.php?id=1478604"]
[Date "2017.5.18"]
[Round "-"]
[White "reycas"]
[Black "bobjgirl"]
[Result "1/2-1/2"]
[WhiteElo "2202"]
[BlackElo "2372"]

1. c4 Nf6 2. Nc3 g6 3. d4 d5 4. Nf3 Bg7 5. Bf4 c5 6. e3 O-O 7. Bd3 Nc6 8. dxc5
Qa5 9. O-O dxc4 10. Bxc4 Qxc5 11. Qe2 Bg4 12. Bb3 Na5 13. Ba4 Nh5 14. Rac1 Nxf4
15. exf4 Qb4 16. a3 Qxf4 17. b4 Bxf3 18. Qxf3 Qxf3 19. gxf3 Nc4 20. Nd5 Nd2 21.
Nxe7+ Kh8 22. Rfd1 Nxf3+ 23. Kg2 Ne5 24. Rc7 Rab8 25. h3 Bh6 26. Kg3 b5 27. Bb3
a5 28. f4 Nc4 29. Bxc4 bxc4 30. Rxc4 axb4 31. Rxb4 Rxb4 32. axb4 Rb8 33. Rb1 Bf8
34. Nc6 Rb6 35. b5 Bd6 36. Kf3 Kg7 37. Ke3 Kf6 38. Ke4 h5 39. Nd4 Bb8 40. Rc1
Ke7 41. Rc6 Rb7 42. f5 Ba7 43. fxg6 Bxd4 44. Kxd4 Rxb5 45. Rc7+ Kf6 46. gxf7 Kg7
47. Ke4 Rb3 48. Kf5 Rxh3 49. Kg5 Rh1 1/2-1/2

[Event "Challenge"]
[Site "http://www.queenalice.com/game.php?id=1478719"]
[Date "2017.5.18"]
[Round "-"]
[White "bobjgirl"]
[Black "reycas"]
[Result "1-0"]
[WhiteElo "2301"]
[BlackElo "2194"]

1. Nf3 d5 2. c4 d4 3. e3 c5 4. exd4 cxd4 5. d3 Nc6 6. Be2 e5 7. O-O Nf6 8. a3 a5
9. Bg5 Be7 10. Nbd2 h6 11. Bh4 g5 12. Bg3 Qc7 13. Nb3 a4 14. Nbxd4 Nxd4 15. Nxd4
Qb6 16. Nb5 Nd7 17. d4 f6 18. dxe5 fxe5 19. Bh5+ Kf8 20. Re1 Kg7 21. Qc2 Rf8 22.
Rad1 Rf6 23. Rxd7 Bxd7 24. Bxe5 Bf5 25. Qxf5 Kf8 26. Bxf6 Qxf6 27. Qxf6+ Bxf6
28. Nc3 Rc8 29. Re4 Ra8 30. f4 gxf4 31. Rxf4 Kg7 32. h3 Ra6 33. Bf3 Rb6 34. Nxa4
Rb3 35. Re4 Bxb2 36. Nxb2 Rxb2 37. Re7+ Kf6 38. Rxb7 Rc2 39. Bd5 Ke5 40. Rh7 Kf4
41. Rxh6 Kg3 42. Rg6+ Kf4 43. Kh2 Ra2 44. h4 Rxa3 45. h5 Kf5 46. Be6+ Ke5 47. h6
Ra7 48. Rg7 Ra8 49. h7 Rh8 50. Bg8 Kf6 51. Rd7 Kg6 52. c5 Kf6 53. c6 1-0

[Event "AUTO-MASTER-2582"]
[Site "http://www.queenalice.com/game.php?id=1500383"]
[Date "2017.10.24"]
[Round "2"]
[White "Artking"]
[Black "reycas"]
[Result "1-0"]
[WhiteElo "2053"]
[BlackElo "2235"]

1. e4 e6 2. d4 d5 3. Nc3 Nf6 4. e5 Nfd7 5. f4 c5 6. Nf3 Nc6 7. Be3 c4 8. Be2 a6
9. a4 g6 10. O-O Bg7 11. a5 b5 12. axb6 Qxb6 13. Na4 Qd8 14. b3 cxb3 15. cxb3
O-O 16. Qe1 h6 17. Rc1 Bb7 18. Nc5 Nxc5 19. dxc5 a5 20. g4 Ba6 21. Bxa6 Rxa6 22.
Nd4 Qc7 23. Nb5 Qb8 24. Qe2 Ra8 25. Nd6 Qxb3 26. Rb1 Qa4 27. Rb7 d4 28. Bd2 Nb4
29. f5 g5 30. f6 Bh8 31. Qe4 Qc2 32. Qg2 Qxc5 33. Nxf7 Rxf7 34. Rxf7 Nd5 35. Qh3
Kxf7 36. Qxh6 Rf8 37. Qh7+ Ke8 38. Rb1 Qc8 39. Bxg5 Qc7 40. Qxc7 Nxc7 41. Bh6
Rxf6 42. Rb8+ Kd7 43. exf6 Bxf6 44. g5 Be5 45. g6 Ne8 46. Ra8 Bf6 47. Ra7+ Kc6
48. g7 Nxg7 49. Bxg7 Bxg7 50. Rxg7 a4 51. h4 Kb5 52. h5 a3 53. h6 Kc4 54. h7 a2
55. Ra7 Kb3 56. h8=Q d3 57. Rb7+ Kc2 58. Rb2+ Kd1 59. Qc3 a1=Q 60. Qd2# 1-0

[Event "AUTO-MASTER-2582"]
[Site "http://www.queenalice.com/game.php?id=1500385"]
[Date "2017.10.24"]
[Round "2"]
[White "Sacapiece"]
[Black "reycas"]
[Result "1-0"]
[WhiteElo "2260"]
[BlackElo "2247"]

1. e4 d6 2. d4 Nf6 3. Nc3 e5 4. Nf3 Bg4 5. dxe5 Bxf3 6. Qxf3 dxe5 7. Bc4 c6 8.
O-O Qc7 9. Bg5 Nbd7 10. Rfd1 Be7 11. Ne2 h6 12. Be3 b5 13. Bb3 a5 14. a4 Nc5 15.
Bxc5 Bxc5 16. Ng3 O-O 17. Nf5 Kh7 18. Rd3 Rad8 19. Qg3 Nh5 20. Qg4 g6 21. Rh3
Rg8 22. Qh4 Bf8 23. axb5 cxb5 24. Rc3 Qa7 25. Qxd8 gxf5 26. Rc7 Qa6 27. Rxf7+
Bg7 28. Qxg8+ Kxg8 29. Ra7+ Kh7 30. Rxa6 a4 31. Bf7 Nf6 32. exf5 h5 33. Bg6+ Kh6
34. Re1 Kg5 35. g3 e4 36. h4+ Kg4 37. Kg2 Bh8 38. Rxe4+ Nxe4 39. Bh7 Bf6 40. Ra8
Bxb2 41. Rg8+ Ng5 42. hxg5 a3 43. Ra8 Kxg5 44. Ra6 h4 45. gxh4+ Kxh4 46. f6 b4
47. f7 Bg7 48. c4 Bf8 49. Bc2 Kg5 50. Bb3 Kf5 51. Ra8 Be7 52. f8=Q+ Bxf8 53.
Rxf8+ Ke4 54. Rd8 Ke5 55. c5 Ke4 56. c6 Ke5 57. c7 Kf6 58. c8=Q Ke7 59. Qc7+ Kf6
60. Rf8+ Kg6 61. Qg3+ Kh7 62. Rh8+ Kxh8 63. Qg6 a2 64. Qh6# 1-0